Biología molecular de la célula

Saved in:
Bibliografiske detaljer
Main Authors: Alberts, Bruce, Lewis, Julian (Author)
Andre forfattere: Bray, Dennis, Raff, Martin, Roberts, Keith, Watson, James D
Format: Bog
Sprog:spansk
Udgivet: Barcelona, España Omega 1994
Udgivelse:Segunda edición
Fag:
Tags: Tilføj Tag
Ingen Tags, Vær først til at tagge denne postø!

MARC

LEADER 00000nam a2200000 a 4500
001 UCT9836
003 CL-VaPUC
005 20210715001450.0
008 970412e19940000SP |||||||||||||||||spa|d
999 |c 258202  |d 258200 
040 |c Pontificia Universidad Católica de Valparaíso 
082 0 4 |a 571.6 ALB 1994  |2 21 
100 0 |a Alberts, Bruce  |9 60 
245 1 0 |a Biología molecular de la célula 
250 |a Segunda edición 
260 0 3 |a Barcelona, España  |b Omega  |c 1994 
300 |a 1300 páginas 
583 |a last modification  |c 20191004 02:44:42  |k Rodrigo Vera 
650 0 |a Citología  |9 261432 
650 0 |a Biología molecular  |9 269677 
650 7 |a CELULA  |2 CL-VaPUC  |9 372633 
700 0 |a Bray, Dennis  |9 382898 
700 |a Lewis, Julian  |e author  |9 599840 
700 0 |a Raff, Martin  |9 382900 
700 0 |a Roberts, Keith  |9 382901 
700 0 |a Watson, James D  |9 382902 
942 |c BK  |2 ddc 
945 |d 19970412 00:00:00  |a amoreno